| 000 | 00513nam a22001457a 4500 | ||
|---|---|---|---|
| 003 | macl | ||
| 005 | 20180410143708.0 | ||
| 008 | 180410b xxu||||| |||| 00| 0 eng d | ||
| 040 | _cmacl | ||
| 100 |
_aडॉ. चन्द्र प्रकाश शुक्ल _971918 |
||
| 245 | _aभारतीय वानस्पतिक सम्पदा | ||
| 260 |
_aप्रतापगढ़ _bमयंक प्रकाशन _c2015 |
||
| 650 |
_aवनस्पति _952598 |
||
| 942 |
_2ddc _cHIN |
||
| 999 |
_c57639 _d57639 |
||